01467nam a2200169 a 4500001000400000003000900004008004100013040002800054082001800082100002500100245007600125260005100201300001300252505099000265650002101255650002101276799CO-ViMGA141112s2004 ck r 000 u spa d aCO-ViMGAbspacCO-ViMGA04aR616.026 D4191 aDíaz Rubio, Manuel10aTratado de Medicina Interna / cDíaz Rubio Manuel , Espinos Domingos  aBuenos Aires : bMedica PanAméricana, c1996 a2 v : il aTOMO (I)Medicina y enfermedad ;Praxis de la medicina, medicina preventiva Genética Medica Inmunología Clínica Farmacología clínica Enfermedades del aparato cardiocirculatorio Enfermedades del aparato respiratorio Medicina Intensiva : Cuidados intensivos Enfermedades de la sangre y de los organos Hematopoyeticos , Hematología Oncología medica Enfermedades del aparato digestivo Enfermedades del higado y vias biliares Enfermedades del riñon y de las vias Urinarias : Urología TOMO (II)Enfermedades infecciosas y parasitarias Intoxicaciones y drogodependencia : Farmacodependencia Enfermedades producidas por agentes físicos Enfermedades del metabolismo y de la nutrición Enfermedades del sistema endocrino Enfermedades del sistema nervioso y muscular Enfermedades del sistema osteoarticular y del tejido conectivo Enfermedades mentales y del comportamiento Medicina geriátrica Manifestaciones cutáneas de las enfermedades internas Apendice Indice analítico14aEspinos, Domingo14aMEDICINA INTERNA